| 000 | 00874nam a2200241 i 4500 | ||
|---|---|---|---|
| 001 | 169156 | ||
| 003 | ES-MaACL | ||
| 005 | 20250812062539.0 | ||
| 008 | 080820s1956 sp f |||| | spa d | ||
| 080 | _a946(04) | ||
| 100 | 1 |
_aMorales Padrón, Francisco, _d1924-2010 _983066 |
|
| 245 | 1 | 0 |
_aHistoria negativa de España en América / _cFrancisco Morales Padrón. |
| 260 |
_aMadrid : _bAteneo, _c1956. |
||
| 300 |
_a48 p. : _b1 lám. ; _c19 cm. |
||
| 490 | 1 |
_aColección "O crece o muere" ; _v106 |
|
| 500 | _aEl original fue dado a conocer por el autor en el Ateneo de Sevilla el día 14 de marzo de 1956. | ||
| 651 | 4 |
_aEspaña- _xHistoria- _xLeyenda negra. _98346 |
|
| 710 | 2 |
_aAteneo de Madrid. _91875 |
|
| 830 | 0 | 0 |
_aColección "O crece o muere" _v106 _9183476 |
| 852 |
_aES-MaACL _j2242-F-5 |
||
| 852 |
_aES-MaACL _j2207-F-6 |
||
| 999 |
_c169156 _d169156 |
||